[Event "ROM-ch U12"]
[Site "Voineasa"]
[Date "2010.04.13"]
[Round "8"]
[White "Enescu, Tudor"]
[Black "Dolana, Andrei Theodor"]
[Result "1/2-1/2"]
[WhiteElo "1765"]
[BlackElo "1956"]
[PlyCount "137"]
[EventDate "2010.04.08"]
[EventType "swiss"]
[EventRounds "9"]
[EventCountry "ROU"]
[SourceTitle "EXT 2020"]
[Source "ChessBase"]
[SourceDate "2019.10.17"]
[SourceVersion "1"]
[SourceVersionDate "2019.10.17"]
[SourceQuality "1"]

1. e4 e5 2. Nf3 Nc6 3. Nc3 Nf6 4. Bb5 Bb4 5. 0-0 0-0 6. d3 d6 7. Bg5 Bxc3 8. bxc3 h6 9. Bh4 Kh8 10. h3 Rg8 11. Qd2 g5 12. Bg3 Nh5 13. Bc4 Rf8 14. h4 f6 15. d4 Qe7 16. Rfe1 Nd8 17. Be2 Ng7 18. Bc4 Be6 19. Bb3 b6 20. a4 Nb7 21. Nh2 Qf7 22. Bxe6 Nxe6 23. f3 Na5 24. Bf2 Rg8 25. Ng4 Qg6 26. h5 Qg7 27. Ne3 Kh7 28. Nf5 Qf7 29. g4 Ng7 30. Nxg7 Kxg7 31. d5 Qd7 32. Qd3 Kf7 33. Reb1 Rgb8 34. Be1 Nb7 35. Bf2 a5 36. c4 Ke7 37. Qb3 Nd8 38. Qb5 Qc8 39. Kf1 Nb7 40. Rb2 Nc5 41. Rab1 Qd7 42. Bxc5 dxc5 43. Rd1 Rd8 44. Ke2 Rab8 45. Rbb1 Qc8 46. Rd3 Rd6 47. Rbd1 Qb7 48. Ke3 Rbd8 49. Rb1 Qc8 50. Ke2 R8d7 51. Rbd1 Qd8 52. Qb3 Qc8 53. Qb5 Qb7 54. Ke3 Kd8 55. Ke2 Kc8 56. Ke3 Kb8 57. Ke2 Ka7 58. Ke3 Kb8 59. Ke2 Qc8 60. Rb1 Ka7 61. Rbd1 Qd8 62. Qb3 Kb8 63. Qb5 c6 64. dxc6 Rxd3 65. cxd3 Rd6 66. Rb1 Ka7 67. c7 Qxc7 68. Qe8 Qd7 69. Qxd7+ 1/2-1/2

[Event "ROM-ch U10 Boys"]
[Site "Voineasa"]
[Date "2008.04.18"]
[Round "9"]
[White "Enescu, Tudor"]
[Black "Ionica, Andrei"]
[Result "1-0"]
[WhiteElo "698"]
[BlackElo "437"]
[PlyCount "143"]
[EventDate "2008.04.08"]
[EventType "swiss"]
[EventRounds "9"]
[EventCountry "ROU"]
[SourceTitle "EXT 2013"]
[Source "ChessBase"]
[SourceDate "2012.11.22"]
[SourceVersion "1"]
[SourceVersionDate "2012.11.22"]
[SourceQuality "1"]

1. e4 e5 2. Nf3 Nc6 3. Nc3 Nf6 4. Bb5 d6 5. d4 Bd7 6. d5 Nb8 7. Bxd7+ Nbxd7 8. Be3 a5 9. 0-0 Be7 10. Qd2 0-0 11. Rac1 h6 12. Qd3 Nb6 13. Bxb6 cxb6 14. Ne2 Nh5 15. c4 Qd7 16. h3 f5 17. exf5 Nf4 18. Nxf4 exf4 19. Rfe1 Rxf5 20. Rxe7 Qxe7 21. Qxf5 Rf8 22. Qe6+ Qxe6 23. dxe6 Rf6 24. Re1 Kf8 25. Nd4 Ke7 26. f3 g5 27. Kf2 Rg6 28. Ke2 h5 29. Kd3 g4 30. Nf5+ Ke8 31. Nxd6+ Ke7 32. Nc8+ Ke8 33. Nxb6 gxh3 34. gxh3 Ke7 35. Nc8+ Ke8 36. e7 Rc6 37. Na7 Rc7 38. Nb5 Rd7+ 39. Kc3 Rxe7 40. Nc7+ Kf7 41. Rxe7+ Kxe7 42. Nd5+ Kd6 43. Nxf4 h4 44. Ng6 Ke6 45. Nxh4 Kf6 46. Kd4 Kg5 47. Kc5 Kxh4 48. Kb6 Kxh3 49. Kxb7 Kg3 50. c5 Kxf3 51. c6 Ke4 52. c7 Kd5 53. c8Q Kd4 54. Kb6 a4 55. a3 Ke5 56. Qd7 Ke4 57. Qe6+ Kd4 58. Kb5 Kd3 59. Qe5 Kc2 60. Qc3+ Kb1 61. b4 axb3 62. Qxb3+ Kc1 63. Kc4 Kd2 64. a4 Ke2 65. a5 Kd2 66. a6 Ke2 67. Qd3+ Kf2 68. a7 Kg2 69. Qf5 Kh2 70. a8R Kh1 71. Qg4 Kh2 72. Rh8# 1-0

[Event "ROM-ch U10 Boys"]
[Site "Voineasa"]
[Date "2008.04.13"]
[Round "2"]
[White "Enescu, Tudor"]
[Black "Stoia, Denis Iulian"]
[Result "0-1"]
[WhiteElo "698"]
[BlackElo "485"]
[PlyCount "95"]
[EventDate "2008.04.08"]
[EventType "swiss"]
[EventRounds "9"]
[EventCountry "ROU"]
[SourceTitle "EXT 2013"]
[Source "ChessBase"]
[SourceDate "2012.11.22"]
[SourceVersion "1"]
[SourceVersionDate "2012.11.22"]
[SourceQuality "1"]

1. e4 e5 2. Nf3 Nc6 3. Nc3 Nf6 4. Bb5 d6 5. d4 exd4 6. Nxd4 Bd7 7. Nxc6 Bxc6 8. Bxc6+ bxc6 9. 0-0 Be7 10. Bf4 0-0 11. Re1 Nd7 12. h3 Bg5 13. Bxg5 Qxg5 14. Qc1 Qxc1 15. Raxc1 Rfe8 16. b3 Re7 17. Re3 Rae8 18. Rce1 Nb6 19. Na4 Nxa4 20. bxa4 d5 21. exd5 Rxe3 22. Rxe3 Rxe3 23. fxe3 cxd5 24. Kf1 Kf8 25. Ke2 Ke7 26. Kd3 Kd6 27. Kd4 c5+ 28. Kd3 a5 29. a3 f5 30. g3 g5 31. h4 gxh4 32. gxh4 Ke5 33. h5 d4 34. c3 dxc3 35. Kxc3 Ke4 36. Kd2 c4 37. h6 c3+ 38. Kxc3 Kxe3 39. Kc4 f4 40. Kd5 f3 41. Ke6 f2 42. Kf7 f1Q+ 43. Kg8 Kd3 44. Kxh7 Qf8 45. Kg6 Qh8 46. h7 Kc3 47. Kh6 Kb3 48. Kg6 0-1